<?xml version="1.0" encoding="UTF-8"?>
<record
    xmlns:xsi="http://www.w3.org/2001/XMLSchema-instance"
    xsi:schemaLocation="http://www.loc.gov/MARC21/slim http://www.loc.gov/standards/marcxml/schema/MARC21slim.xsd"
    xmlns="http://www.loc.gov/MARC21/slim">

  <leader>00660nam a22001577a 4500</leader>
  <controlfield tag="003">OSt</controlfield>
  <controlfield tag="005">20151209095836.0</controlfield>
  <controlfield tag="008">151209b        xxu||||| |||| 00| 0 eng d</controlfield>
  <datafield tag="040" ind1=" " ind2=" ">
    <subfield code="c">RUA </subfield>
  </datafield>
  <datafield tag="082" ind1=" " ind2=" ">
    <subfield code="a">ATM SOY 2007 B194 Or.1</subfield>
  </datafield>
  <datafield tag="100" ind1=" " ind2=" ">
    <subfield code="9">4570</subfield>
    <subfield code="a">SOY ROTHMONY; &#x179F;&#x1799; &#x179A;&#x178F;&#x17D2;&#x1793;&#x17D0;&#x1798;&#x17BB;&#x1793;&#x17B8;</subfield>
  </datafield>
  <datafield tag="245" ind1=" " ind2=" ">
    <subfield code="a">The effectivess of the community development (pfd) project in stung treng province; &#x1794;&#x17D2;&#x179A;&#x179F;&#x17B7;&#x1791;&#x17D2;&#x1792;&#x1797;&#x17B6;&#x1796;&#x1793;&#x17C3;&#x1782;&#x179A;&#x17C4;&#x1784;&#x17A2;&#x1797;&#x17B7;&#x179C;&#x178C;&#x17D2;&#x178D;&#x1793;&#x17CD;&#x179F;&#x17A0;&#x1782;&#x1798;&#x1793;&#x17CD;&#x179A;&#x1794;&#x179F;&#x17CB;&#x17A2;&#x1784;&#x17D2;&#x1782;&#x1780;&#x17B6;&#x179A; &#x178A;&#x17C3;&#x1782;&#x17BC;&#x179A;&#x17A2;&#x1797;&#x17B7;&#x179C;&#x178C;&#x17D2;&#x178D;&#x1793;&#x17CD;.</subfield>
  </datafield>
  <datafield tag="260" ind1=" " ind2=" ">
    <subfield code="a">Phnom Penh </subfield>
    <subfield code="b">RUA </subfield>
    <subfield code="c">2007 </subfield>
  </datafield>
  <datafield tag="300" ind1=" " ind2=" ">
    <subfield code="a">xv; 54p.</subfield>
    <subfield code="b">ill.</subfield>
    <subfield code="c">29cm.</subfield>
  </datafield>
  <datafield tag="942" ind1=" " ind2=" ">
    <subfield code="2">ddc</subfield>
    <subfield code="c">ATM</subfield>
  </datafield>
  <datafield tag="999" ind1=" " ind2=" ">
    <subfield code="c">4259</subfield>
    <subfield code="d">4259</subfield>
  </datafield>
  <datafield tag="952" ind1=" " ind2=" ">
    <subfield code="0">0</subfield>
    <subfield code="1">0</subfield>
    <subfield code="2">ddc</subfield>
    <subfield code="4">0</subfield>
    <subfield code="6">ATM_SOY_2007_000000000000000_B194_OR_1</subfield>
    <subfield code="7">0</subfield>
    <subfield code="9">21523</subfield>
    <subfield code="a">LBB</subfield>
    <subfield code="b">LBB</subfield>
    <subfield code="c">B194</subfield>
    <subfield code="d">2015-12-09</subfield>
    <subfield code="o">ATM SOY 2007 B194 Or.1</subfield>
    <subfield code="p">RUA042927</subfield>
    <subfield code="r">2015-12-09</subfield>
    <subfield code="w">2015-12-09</subfield>
    <subfield code="y">ATM</subfield>
  </datafield>
  <datafield tag="952" ind1=" " ind2=" ">
    <subfield code="0">0</subfield>
    <subfield code="1">0</subfield>
    <subfield code="2">ddc</subfield>
    <subfield code="4">0</subfield>
    <subfield code="6">ATM_SOY_2007_000000000000000_B194_OR_2</subfield>
    <subfield code="7">0</subfield>
    <subfield code="9">21524</subfield>
    <subfield code="a">LBB</subfield>
    <subfield code="b">LBB</subfield>
    <subfield code="c">B194</subfield>
    <subfield code="d">2015-12-09</subfield>
    <subfield code="o">ATM SOY 2007 B194 Or.2</subfield>
    <subfield code="p">RUA44208</subfield>
    <subfield code="r">2015-12-09</subfield>
    <subfield code="w">2015-12-09</subfield>
    <subfield code="y">ATM</subfield>
  </datafield>
  <datafield tag="952" ind1=" " ind2=" ">
    <subfield code="0">0</subfield>
    <subfield code="1">0</subfield>
    <subfield code="2">ddc</subfield>
    <subfield code="4">0</subfield>
    <subfield code="6">ATM_SOY_2007_000000000000000_B194_OR_3</subfield>
    <subfield code="7">0</subfield>
    <subfield code="9">21525</subfield>
    <subfield code="a">LBB</subfield>
    <subfield code="b">LBB</subfield>
    <subfield code="c">B194</subfield>
    <subfield code="d">2015-12-09</subfield>
    <subfield code="o">ATM SOY 2007 B194 Or.3</subfield>
    <subfield code="p">RUA44323</subfield>
    <subfield code="r">2015-12-09</subfield>
    <subfield code="w">2015-12-09</subfield>
    <subfield code="y">ATM</subfield>
  </datafield>
  <datafield tag="952" ind1=" " ind2=" ">
    <subfield code="0">0</subfield>
    <subfield code="1">0</subfield>
    <subfield code="2">ddc</subfield>
    <subfield code="4">0</subfield>
    <subfield code="6">ATM_SOY_2007_000000000000000_B194_OR_4</subfield>
    <subfield code="7">0</subfield>
    <subfield code="9">21526</subfield>
    <subfield code="a">LBB</subfield>
    <subfield code="b">LBB</subfield>
    <subfield code="c">B194</subfield>
    <subfield code="d">2015-12-09</subfield>
    <subfield code="o">ATM SOY 2007 B194 Or.4</subfield>
    <subfield code="p">RUA44263</subfield>
    <subfield code="r">2015-12-09</subfield>
    <subfield code="w">2015-12-09</subfield>
    <subfield code="y">ATM</subfield>
  </datafield>
  <datafield tag="952" ind1=" " ind2=" ">
    <subfield code="0">0</subfield>
    <subfield code="1">0</subfield>
    <subfield code="2">ddc</subfield>
    <subfield code="4">0</subfield>
    <subfield code="6">ATM_SOY_2007_000000000000000_B194_OR_5</subfield>
    <subfield code="7">0</subfield>
    <subfield code="9">21527</subfield>
    <subfield code="a">LBB</subfield>
    <subfield code="b">LBB</subfield>
    <subfield code="c">B194</subfield>
    <subfield code="d">2015-12-09</subfield>
    <subfield code="o">ATM SOY 2007 B194 Or.5</subfield>
    <subfield code="p">RUA44494</subfield>
    <subfield code="r">2015-12-09</subfield>
    <subfield code="w">2015-12-09</subfield>
    <subfield code="y">ATM</subfield>
  </datafield>
  <datafield tag="952" ind1=" " ind2=" ">
    <subfield code="0">0</subfield>
    <subfield code="1">0</subfield>
    <subfield code="2">ddc</subfield>
    <subfield code="4">0</subfield>
    <subfield code="6">ATM_SOY_2007_000000000000000_B194_OR_6</subfield>
    <subfield code="7">0</subfield>
    <subfield code="9">21528</subfield>
    <subfield code="a">LBB</subfield>
    <subfield code="b">LBB</subfield>
    <subfield code="c">B194</subfield>
    <subfield code="d">2015-12-09</subfield>
    <subfield code="o">ATM SOY 2007 B194 Or.6</subfield>
    <subfield code="p">RUA44541</subfield>
    <subfield code="r">2015-12-09</subfield>
    <subfield code="w">2015-12-09</subfield>
    <subfield code="y">ATM</subfield>
  </datafield>
  <datafield tag="952" ind1=" " ind2=" ">
    <subfield code="0">0</subfield>
    <subfield code="1">0</subfield>
    <subfield code="2">ddc</subfield>
    <subfield code="4">0</subfield>
    <subfield code="6">ATM_SOY_2007_000000000000000_B194_OR_7</subfield>
    <subfield code="7">0</subfield>
    <subfield code="9">21529</subfield>
    <subfield code="a">LBB</subfield>
    <subfield code="b">LBB</subfield>
    <subfield code="c">B194</subfield>
    <subfield code="d">2015-12-09</subfield>
    <subfield code="o">ATM SOY 2007 B194 Or.7</subfield>
    <subfield code="p">RUA44434</subfield>
    <subfield code="r">2015-12-09</subfield>
    <subfield code="w">2015-12-09</subfield>
    <subfield code="y">ATM</subfield>
  </datafield>
  <datafield tag="952" ind1=" " ind2=" ">
    <subfield code="0">0</subfield>
    <subfield code="1">0</subfield>
    <subfield code="2">ddc</subfield>
    <subfield code="4">0</subfield>
    <subfield code="6">ATM_SOY_2007_000000000000000_B194_OR_8</subfield>
    <subfield code="7">0</subfield>
    <subfield code="9">21530</subfield>
    <subfield code="a">LBB</subfield>
    <subfield code="b">LBB</subfield>
    <subfield code="c">B194</subfield>
    <subfield code="d">2015-12-09</subfield>
    <subfield code="o">ATM SOY 2007 B194 Or.8</subfield>
    <subfield code="p">RUA44611</subfield>
    <subfield code="r">2015-12-09</subfield>
    <subfield code="w">2015-12-09</subfield>
    <subfield code="y">ATM</subfield>
  </datafield>
</record>
